Distinguishing Australian personal bodies (Record no. 108833)
[ view plain ]
| 000 -LEADER | |
|---|---|
| fixed length control field | 03437cam a22003135a 4500 |
| 001 - CONTROL NUMBER | |
| control field | L145620 |
| 008 - FIXED-LENGTH DATA ELEMENTS--GENERAL INFORMATION | |
| fixed length control field | 081027s2007 xxko f s 000 0 eng d |
| 020 ## - INTERNATIONAL STANDARD BOOK NUMBER | |
| International Standard Book Number | 9780955608902 |
| 035 ## - SYSTEM CONTROL NUMBER | |
| System control number | (Sirsi) u145620 |
| 041 0# - LANGUAGE CODE | |
| Language code of text/sound track or separate title | eng |
| 050 04 - LIBRARY OF CONGRESS CALL NUMBER | |
| Classification number | 331.712 $2 18 |
| 100 1# - MAIN ENTRY--PERSONAL NAME | |
| Personal name | Friedman, Andy |
| 245 00 - TITLE STATEMENT | |
| Title | Distinguishing Australian personal bodies |
| 260 ## - PUBLICATION, DISTRIBUTION, ETC. | |
| Place of publication, distribution, etc. | Bristol |
| Name of publisher, distributor, etc. | PARN |
| Date of publication, distribution, etc. | 2007 |
| 300 ## - PHYSICAL DESCRIPTION | |
| Extent | x, 188p. |
| Other physical details | ill. |
| Dimensions | 21cm. |
| 505 2# - FORMATTED CONTENTS NOTE | |
| Formatted contents note | Professional bodies in Australia: introduction; introducing PARN; theoretical and empirical base of this book; case studies; themes in this book -- Professional bodies as a sector in Australia: introduction; the idea of professional bodies as a sector; professional associations and other professional bodies, architecture of the sector; distinguishing professional bodies from other organisations; conclusions -- Continuing professional development (CPD): CPD and the change in attitude towards professional education; types of CPD policy; competencies; monitoring and sanctions; measurement; online systems; trends; conclusions -- Professional ethics: introduction, ethical competence and the importance of support for ethical competence; the ethical code; keeping codes up-to-date; accessibility of the code to members of the profession; accessibility of the code to members of the public; education provision on ethics as part of initial professional qualifications; complaints and disciplinary procedures; trends; conclusions |
| 505 2# - FORMATTED CONTENTS NOTE | |
| Formatted contents note | Governance: introduction; governance structures in practice; governance structures by type of organisation; size of governing body; size of governing body in relation to the number of individual members; problems with governance; trends in Australia; trends in the UK; frequency of meetings; leading figures, President and Chair; nominations committee; representivity on the governing body; conclusions -- Membership issues: introduction; overall numbers of individual members; individual membership grades; where are individual members located?; organisation members; changes in individual membership in recent years; routes to membership; membership in relation to potential membership of individuals; members and non members as sources of income; diversity issues and membership; gathering views of members; member networks; changes in membership; conclusions -- Operations and income: introduction; strategy; management tools; income; staffing; conclusions -- The professionalisation of professional bodies in Australia: introduction; pressures on the professional bodies sector to professionalise |
| 520 ## - SUMMARY, ETC. | |
| Summary, etc. | Book presents a comprehensive guide to Australian professional bodies and their practices and compares these with those found in other countries (Canada, Ireland and United Kingdom). Looks at member relations, governance, continuing professional development (CPD), operations and ethics. Also explores the suggestion that these bodies are becoming more strategic in their goals and generally more professional and introduces the idea that these bodies should be recognised as a sector in their own right. |
| 521 ## - TARGET AUDIENCE NOTE | |
| Target audience note | Advanced |
| 590 ## - LOCAL NOTE (RLIN) | |
| Local note | KA |
| 651 #4 - SUBJECT ADDED ENTRY--GEOGRAPHIC NAME | |
| Geographic name | Australia |
| 651 #4 - SUBJECT ADDED ENTRY--GEOGRAPHIC NAME | |
| Geographic name | Canada |
| 651 #4 - SUBJECT ADDED ENTRY--GEOGRAPHIC NAME | |
| Geographic name | Ireland (Republic of) |
| Chronological subdivision | |
| 651 #4 - SUBJECT ADDED ENTRY--GEOGRAPHIC NAME | |
| Geographic name | United Kingdom |
| Chronological subdivision | |
| 690 ## - LOCAL SUBJECT ADDED ENTRY--TOPICAL TERM (OCLC, RLIN) | |
| Topical term or geographic name as entry element | MANAGEMENT-BUSINESS MANAGEMENT-PROFESSIONAL PRACTICE |
| 700 1# - ADDED ENTRY--PERSONAL NAME | |
| Personal name | Mason, Jane |
| 710 1# - ADDED ENTRY--CORPORATE NAME | |
| Corporate name or jurisdiction name as entry element | Professional Associations Research Network |
| 9 (RLIN) | 4647 |
| 942 ## - ADDED ENTRY ELEMENTS (KOHA) | |
| Suppress in OPAC | 0 |
| Withdrawn status | Lost status | Source of classification or shelving scheme | Damaged status | Not for loan | Home library | Current library | Shelving location | Date acquired | Total Checkouts | Full call number | Barcode | Date last seen | Date last checked out | Copy number | Price effective from | Koha item type |
|---|---|---|---|---|---|---|---|---|---|---|---|---|---|---|---|---|
| Dewey Decimal Classification | London | London | Books | 27/10/2008 | 3 | 331.712 FRI | 30075350 | 06/08/2019 | 30/08/2017 | 1 | 06/08/2019 | Book |